000 00293nam a2200109Ia 4500
005 20251222152005.0
008 251222s9999||||xx |||||||||||||| ||spa||
082 _a362.5/N82
100 _a"Noriega, Carlos, ed."
245 0 _aActores del desarrollo: Fondos concursables de Propoli
942 _cLIB
999 _c24671
_d24671